| 000 | 00636nam a22002172 4500 | ||
|---|---|---|---|
| 001 | 0000005900 | ||
| 005 | 20151217154356.0 | ||
| 008 | 070809s xx 000 0 eng d | ||
| 020 |
_a9966200703 : _cKES 690 |
||
| 040 |
_aKABU _cKABU |
||
| 050 | 0 |
_aHV6625.5 _b.M95 |
|
| 100 | 1 |
_aMwiti, Gladys K. _@0000157178 |
|
| 245 | 1 | 0 |
_aChild abuse : _bdetection, prevention and counselling. |
| 250 | _arev. ed. | ||
| 260 |
_aNairobi : _bEvangel Publishing House, _c2006. |
||
| 300 | _axviii, 254 p. | ||
| 650 | 0 |
_aChild abuse. _@0000157179 |
|
| 852 | 1 | _9p590 KES | |
| 908 | _a070809 | ||
| 950 | _@1 | ||
| 999 |
_c10858 _d10858 |
||